<?xml version="1.0" encoding="UTF-8"?><?xml-stylesheet type="text/xsl" href="static/style.xsl"?><OAI-PMH xmlns="http://www.openarchives.org/OAI/2.0/" xmlns:xsi="http://www.w3.org/2001/XMLSchema-instance" xsi:schemaLocation="http://www.openarchives.org/OAI/2.0/ http://www.openarchives.org/OAI/2.0/OAI-PMH.xsd"><responseDate>2026-04-27T20:17:38Z</responseDate><request verb="GetRecord" identifier="oai:uvadoc.uva.es:10324/67892" metadataPrefix="marc">https://uvadoc.uva.es/oai/request</request><GetRecord><record><header><identifier>oai:uvadoc.uva.es:10324/67892</identifier><datestamp>2024-05-30T06:54:39Z</datestamp><setSpec>com_10324_150</setSpec><setSpec>col_10324_696</setSpec></header><metadata><record xmlns="http://www.loc.gov/MARC21/slim" xmlns:doc="http://www.lyncode.com/xoai" xmlns:xsi="http://www.w3.org/2001/XMLSchema-instance" xmlns:dcterms="http://purl.org/dc/terms/" xsi:schemaLocation="http://www.loc.gov/MARC21/slim http://www.loc.gov/standards/marcxml/schema/MARC21slim.xsd">
<leader>00925njm 22002777a 4500</leader>
<datafield tag="042" ind1=" " ind2=" ">
<subfield code="a">dc</subfield>
</datafield>
<datafield tag="720" ind1=" " ind2=" ">
<subfield code="a">Mexía, Pedro (1496?-1552?)</subfield>
<subfield code="e">author</subfield>
</datafield>
<datafield tag="260" ind1=" " ind2=" ">
<subfield code="c">1655</subfield>
</datafield>
<datafield tag="024" ind2=" " ind1="8">
<subfield code="a">https://uvadoc.uva.es/handle/10324/67892</subfield>
</datafield>
<datafield tag="024" ind2=" " ind1="8">
<subfield code="a">U/Bc 06368</subfield>
</datafield>
<datafield ind1=" " ind2=" " tag="653">
<subfield code="a">Emperadores romanos - Biografías</subfield>
</datafield>
<datafield ind1=" " ind2=" " tag="653">
<subfield code="a">Austria (Casa de) - Emperadores - Biografías</subfield>
</datafield>
<datafield tag="245" ind1="0" ind2="0">
<subfield code="a">Historia imperial y cesarea: en que sumariamente se contienen las vidas y hechos de todos los emperadores, desde Iulio Cesar hasta Maximiliano Primero / compuesta por ... Pedro Mexia... ; prosiguela el Padre Basilio Varen, asistente de los Clerigos reglares Menores enriqueziendola con las proezas de los ultimos siete Cesares austriacos, desde Carlos Quinto à Ferdinando Tercero...</subfield>
</datafield>
</record></metadata></record></GetRecord></OAI-PMH>